000 00345nam a2200145Ia 4500
008 240624s9999 xx 000 0 und d
041 _aeng
082 _a658.84 STR
100 _aSTRAUSS JUDY
245 _aE MARKETING
250 _a(7th ed.)
260 _c2016
_aNew Delhi
_bPearson
300 _axvi, : 480 : p. : cm. ; 26
365 _cRS
_b33
999 _c24537
_d24537